000 00732nas a2200241 4500
001 BR9511074
003 BR-BrBNA
005 20231205095605.0
007 ta
008 230509b bl.|||p| |||| 00| 00por d
040 _aBR-BrBNA
_bpor
_cBiblioteca Nacional de Agricultura
041 _a(Pt)
072 _aF70
100 1 _aSormus, L.
100 1 _aBicudo, C.E. de M.
245 1 _aCriptogamos do Parque Estadual das Fontes do Ipiranga, Sao Paulo, SP. Algas, 6: Zygnemaphyceae (Closteriaceae)
650 _aAlga
650 _aTaxonomia
650 _aSao Paulo
773 0 _tHoehnea (Brazil)
_xISSN 0073-0912
_g(Dec 1994), v. 21(1-2) p. 75-92
_wBR9511074
909 _a202311
_bLúcia
_c55
_dLúcia Elande
942 _2AGRIS
_n0
_cANA
999 _c151547
_d151547